[Event "POL-chT U19 1st League"]
[Site "Suchedniow"]
[Date "2010.07.11"]
[Round "6"]
[White "Wolska, Marta"]
[Black "Wieclawek, Danuta"]
[Result "0-1"]
[WhiteElo "1622"]
[BlackElo "1568"]
[PlyCount "102"]
[EventDate "2010.07.06"]
[EventType "team-tourn"]
[EventRounds "9"]
[EventCountry "POL"]
[SourceTitle "EXT 2019"]
[Source "ChessBase"]
[SourceDate "2018.10.10"]
[SourceVersion "1"]
[SourceVersionDate "2018.10.10"]
[SourceQuality "1"]
[WhiteTeam "Wroclaw MUKS MDK Srodmiescie U19"]
[BlackTeam "Brzozow LKS Brzozowia MOSiR U19"]
[WhiteTeamCountry "POL"]
[BlackTeamCountry "POL"]

1. d4 Nf6 2. c4 e6 3. Nf3 b6 4. g3 Bb7 5. Bg2 Be7 6. 0-0 0-0 7. Nc3 d5 8. cxd5 Nxd5 9. Re1 c5 10. e4 Nc7 11. Bf4 cxd4 12. Nxd4 Nd7 13. Be3 Nc5 14. Qc2 e5 15. Nf5 g6 16. Rad1 Qe8 17. Nd6 Bxd6 18. Rxd6 N5e6 19. Qd2 Rd8 20. Rd1 Qe7 21. Bh3 Rxd6 22. Qxd6 Qxd6 23. Rxd6 Rd8 24. Rxd8+ Nxd8 25. Bg5 Nc6 26. Nd5 Ne8 27. Bd7 Kf8 28. b4 a6 29. a4 b5 30. a5 Ng7 31. Bf6 Nh5 32. Bxc6 Bxc6 33. Bxe5 Bxd5 34. exd5 f6 35. g4 fxe5 36. gxh5 gxh5 37. Kg2 Ke7 38. Kf3 Kd6 39. Ke4 h4 40. h3 h6 41. f3 h5 42. f4 exf4 43. Kxf4 Kxd5 44. Kg5 Kc4 45. Kxh4 Kxb4 46. Kxh5 Kc4 47. Kg5 b4 48. h4 b3 49. h5 b2 50. h6 b1Q 51. Kf6 Qh7 0-1

[Event "POL-chT U19 1st League"]
[Site "Suchedniow"]
[Date "2010.07.10"]
[Round "5"]
[White "Wieclawek, Danuta"]
[Black "Barburzynska, Magdalena"]
[Result "0-1"]
[WhiteElo "1568"]
[BlackElo "1923"]
[PlyCount "80"]
[EventDate "2010.07.06"]
[EventType "team-tourn"]
[EventRounds "9"]
[EventCountry "POL"]
[SourceTitle "EXT 2019"]
[Source "ChessBase"]
[SourceDate "2018.10.10"]
[SourceVersion "1"]
[SourceVersionDate "2018.10.10"]
[SourceQuality "1"]
[WhiteTeam "Brzozow LKS Brzozowia MOSiR U19"]
[BlackTeam "Wroclaw KS Polonia U19 II"]
[WhiteTeamCountry "POL"]
[BlackTeamCountry "POL"]

1. e4 c5 2. Nf3 Nc6 3. d4 cxd4 4. Nxd4 Nf6 5. Nc3 e5 6. Nb3 Bb4 7. Bd3 d5 8. exd5 Nxd5 9. Bd2 Nxc3 10. Bxc3 Bxc3+ 11. bxc3 0-0 12. 0-0 Qg5 13. Nc5 Bg4 14. Qc1 Qxc1 15. Raxc1 b6 16. Na6 Rad8 17. f3 Bc8 18. Nb4 Nb8 19. Bc4 Kh8 20. Rcd1 f6 21. Rfe1 Bb7 22. Rd3 a5 23. Nd5 b5 24. Bxb5 Rxd5 25. Rxd5 Bxd5 26. c4 Bb7 27. Rd1 Rc8 28. c3 Na6 29. Kf2 Nc5 30. a4 h6 31. Rd6 e4 32. Ke3 exf3 33. gxf3 Kg8 34. h4 Kf8 35. h5 Ke7 36. Rd1 Bc6 37. Rg1 Kf7 38. Ra1 Re8+ 39. Kf4 Re6 40. Rd1 Nxa4 0-1

[Event "POL-chT U19 1st League"]
[Site "Suchedniow"]
[Date "2010.07.08"]
[Round "3"]
[White "Wieclawek, Danuta"]
[Black "Lis, Marcelina"]
[Result "1/2-1/2"]
[WhiteElo "1568"]
[BlackElo "1905"]
[PlyCount "148"]
[EventDate "2010.07.06"]
[EventType "team-tourn"]
[EventRounds "9"]
[EventCountry "POL"]
[SourceTitle "EXT 2019"]
[Source "ChessBase"]
[SourceDate "2018.10.10"]
[SourceVersion "1"]
[SourceVersionDate "2018.10.10"]
[SourceQuality "1"]
[WhiteTeam "Brzozow LKS Brzozowia MOSiR U19"]
[BlackTeam "Czarna LKSz GCKiP U19"]
[WhiteTeamCountry "POL"]
[BlackTeamCountry "POL"]

1. d4 d6 2. c4 e5 3. Nc3 exd4 4. Qxd4 Nc6 5. Qe4+ Be6 6. e3 Nf6 7. Qc2 Qd7 8. a3 Ne5 9. b3 g6 10. Be2 Bg7 11. Nf3 0-0 12. Bb2 Nc6 13. 0-0 Rfe8 14. Rfe1 Bf5 15. Bd3 Bxd3 16. Qxd3 Ng4 17. Rab1 Nge5 18. Nxe5 Nxe5 19. Qd5 c6 20. Qd2 Qg4 21. Qe2 Qxe2 22. Rxe2 Nd3 23. Ba1 Nc5 24. Rd2 Rad8 25. b4 Bxc3 26. Bxc3 Ne4 27. Rd3 Nxc3 28. Rxc3 d5 29. cxd5 Rxd5 30. Kf1 Kg7 31. f3 Red8 32. Rbc1 Rd2 33. e4 Ra2 34. R1c2 Rd2 35. Rxa2 Rxa2 36. h3 h5 37. h4 Kf6 38. f4 Rd2 39. Kg1 Ke6 40. Kh2 Rd4 41. Re3 b6 42. Kg3 c5 43. bxc5 bxc5 44. Kf3 Kd6 45. g4 hxg4+ 46. Kxg4 c4 47. Kf3 Kc5 48. Ke2 Rd8 49. f5 Rh8 50. fxg6 fxg6 51. e5 Rxh4 52. e6 Rh8 53. e7 Re8 54. Kd2 Kd6 55. Rg3 Rxe7 56. Rxg6+ Kc5 57. Rg5+ Kd4 58. Rg4+ Re4 59. Rg3 Rh4 60. Rg2 Rh3 61. Rg4+ Kc5 62. Rg5+ Kb6 63. Rg4 Kb5 64. Rg5+ Ka4 65. Rg4 Kb3 66. Rg7 c3+ 67. Ke1 Rh2 68. Rb7+ Ka2 69. Kd1 Rb2 70. Rc7 a5 71. Rxc3 a4 72. Kc1 Rb3 73. Rc2+ Kxa3 74. Rc4 Rb4 1/2-1/2

[Event "POL-ch U18 Girls"]
[Site "Chotowa"]
[Date "2009.03.30"]
[Round "4"]
[White "Murawa, Monika"]
[Black "Wieclawek, Danuta"]
[Result "0-1"]
[WhiteElo "1599"]
[BlackElo "1602"]
[PlyCount "94"]
[EventDate "2009.03.28"]
[EventType "swiss"]
[EventRounds "11"]
[EventCountry "POL"]
[SourceTitle "EXT 2011"]
[Source "ChessBase"]
[SourceDate "2010.11.26"]
[SourceVersion "1"]
[SourceVersionDate "2010.11.26"]
[SourceQuality "1"]

1. e4 c5 2. Nf3 Nc6 3. d4 cxd4 4. Nxd4 g6 5. c3 d6 6. Be3 Bg7 7. Bb5 Bd7 8. 0-0 Nf6 9. Nd2 0-0 10. Nxc6 Bxc6 11. Bxc6 bxc6 12. c4 c5 13. b3 Qd7 14. h3 a5 15. Qc2 a4 16. f3 axb3 17. axb3 Rxa1 18. Rxa1 Nxe4 19. Ra4 Nxd2 20. Qxd2 Rb8 21. Qa2 f5 22. Bg5 h6 23. Ra7 Rb7 24. Ra8+ Kf7 25. Bh4 g5 26. Bf2 Qe6 27. Kf1 Qe5 28. Qb1 e6 29. Qd1 Ke7 30. Ra6 Qh2 31. Bg1 Qf4 32. Bf2 Bd4 33. Bxd4 Qxd4 34. Qxd4 cxd4 35. Ra3 e5 36. Ke2 e4 37. g4 Ke6 38. gxf5+ Kxf5 39. fxe4+ Kxe4 40. Kd2 h5 41. Ke2 g4 42. hxg4 hxg4 43. Ra8 d3+ 44. Kd2 Rxb3 45. Re8+ Kd4 46. Rg8 Rb2+ 47. Kd1 Rg2 0-1

[Event "POL-ch U16 Girls"]
[Site "Leba"]
[Date "2008.04.02"]
[Round "6"]
[White "Wieclawek, Danuta"]
[Black "Wawer, Eliza"]
[Result "1/2-1/2"]
[WhiteElo "1658"]
[BlackElo "1587"]
[PlyCount "116"]
[EventDate "2008.03.29"]
[EventType "swiss"]
[EventRounds "11"]
[EventCountry "POL"]
[SourceTitle "CBM 123 Extra"]
[Source "ChessBase"]
[SourceDate "2008.05.06"]
[SourceVersion "1"]
[SourceVersionDate "2008.05.06"]
[SourceQuality "1"]

1. e4 e5 2. Nf3 Nf6 3. Nc3 d6 4. Bc4 Be6 5. Bb3 Nc6 6. d3 Be7 7. h3 d5 8. exd5 Nxd5 9. Qe2 Bb4 10. Bxd5 Bxd5 11. Nxe5 Bxc3+ 12. bxc3 Qe7 13. Nxc6 Qxe2+ 14. Kxe2 Bxc6 15. f3 0-0-0 16. Bf4 Rhe8+ 17. Kd2 f6 18. Rhe1 g5 19. Be3 b6 20. Bd4 Rd6 21. Rxe8+ Bxe8 22. Re1 Kd7 23. Bf2 c5 24. h4 h6 25. hxg5 hxg5 26. Bg3 Re6 27. Rxe6 Kxe6 28. Bb8 a6 29. Ba7 c4 30. Bxb6 Bb5 31. a3 f5 32. Ke3 g4 33. fxg4 fxg4 34. Kd4 Kd6 35. dxc4 Bd7 36. c5+ Kc6 37. Kc4 Bf5 38. Kb3 Be4 39. g3 Bd5+ 40. Kb4 Be6 41. Bd8 Bf5 42. Ka5 Bc8 43. Kb4 Bf5 44. c4 Be6 45. Bf6 Bf5 46. Bd4 Bd7 47. Kc3 Bf5 48. Kd2 Be6 49. Kd3 Bf5+ 50. Kc3 Be6 51. Be3 Bf5 52. Kd4 Bxc2 53. Ke5 Bd3 54. Kf4 Be2 55. Kf5 Kd7 56. Kf4 Kc6 57. Kf5 Kd7 58. Kf4 Kc6 1/2-1/2

[Event "POL-ch U16 Girls"]
[Site "Leba"]
[Date "2008.03.29"]
[Round "1"]
[White "Labedz, Patrycja"]
[Black "Wieclawek, Danuta"]
[Result "1-0"]
[WhiteElo "1954"]
[BlackElo "1658"]
[PlyCount "59"]
[EventDate "2008.03.29"]
[EventType "swiss"]
[EventRounds "11"]
[EventCountry "POL"]
[SourceTitle "CBM 123 Extra"]
[Source "ChessBase"]
[SourceDate "2008.05.06"]
[SourceVersion "1"]
[SourceVersionDate "2008.05.06"]
[SourceQuality "1"]

1. e4 c5 2. Nf3 Nc6 3. d4 cxd4 4. Nxd4 e6 5. Nc3 a6 6. Be2 Nf6 7. 0-0 Be7 8. Be3 0-0 9. f4 d6 10. Qe1 Qc7 11. Qg3 Nd7 12. Kh1 Nxd4 13. Bxd4 e5 14. Nd5 Qd8 15. fxe5 Bh4 16. Qc3 dxe5 17. Bxe5 Nxe5 18. Qxe5 Re8 19. Qf4 Rf8 20. Nc7 Bg5 21. Qe5 Rb8 22. Nxa6 Ra8 23. Nc7 Rb8 24. Nd5 Be6 25. Rad1 Bxd5 26. Rxd5 Bf6 27. Qf5 Qb6 28. e5 Be7 29. Rd7 Bc5 30. Rxf7 1-0

[Event "POL-chT2 U20 Girls"]
[Site "Lublin"]
[Date "2007.07.14"]
[Round "10"]
[White "Rosiak, Agata"]
[Black "Wieclawek, Danuta"]
[Result "1-0"]
[WhiteElo "1741"]
[BlackElo "1657"]
[PlyCount "39"]
[EventDate "2007.07.07"]
[EventType "team-tourn"]
[EventRounds "11"]
[EventCountry "POL"]
[SourceTitle "EXT 2010"]
[Source "ChessBase"]
[SourceDate "2010.11.25"]
[SourceVersion "1"]
[SourceVersionDate "2010.11.25"]
[SourceQuality "1"]

1. d4 Nf6 2. Nf3 e6 3. Bf4 b6 4. e3 Bb7 5. Be2 Be7 6. h3 c5 7. c3 d5 8. 0-0 0-0 9. Nbd2 Nbd7 10. Bd3 Qc8 11. Qe2 c4 12. Bc2 a6 13. Ne5 b5 14. g4 a5 15. g5 Ne8 16. h4 f6 17. Bxh7+ Kh8 18. Ng6+ Kxh7 19. Qh5+ Kg8 20. Nxe7# 1-0

[Event "POL-chT2 U20 Girls"]
[Site "Lublin"]
[Date "2007.07.09"]
[Round "4"]
[White "Gola, Karolina"]
[Black "Wieclawek, Danuta"]
[Result "1-0"]
[WhiteElo "1878"]
[BlackElo "1657"]
[PlyCount "29"]
[EventDate "2007.07.07"]
[EventType "team-tourn"]
[EventRounds "11"]
[EventCountry "POL"]
[SourceTitle "EXT 2010"]
[Source "ChessBase"]
[SourceDate "2010.11.25"]
[SourceVersion "1"]
[SourceVersionDate "2010.11.25"]
[SourceQuality "1"]

1. e4 c5 2. Nc3 Nc6 3. g3 e6 4. Bg2 Nge7 5. Nge2 g6 6. d3 Bg7 7. Be3 d6 8. Qd2 a6 9. 0-0 b5 10. f4 Rb8 11. e5 dxe5 12. Bxc5 0-0 13. Bxc6 Nxc6 14. Bxf8 Bxf8 15. Ne4 1-0

[Event "POL-ch U16 Girls"]
[Site "Leba"]
[Date "2007.03.27"]
[Round "6"]
[White "Wieclawek, Danuta"]
[Black "Gryglas, Marta"]
[Result "1-0"]
[WhiteElo "1636"]
[BlackElo "1600"]
[PlyCount "155"]
[EventDate "2007.03.24"]
[EventType "swiss"]
[EventRounds "11"]
[EventCountry "POL"]
[SourceTitle "EXT 2011"]
[Source "ChessBase"]
[SourceDate "2010.11.26"]
[SourceVersion "1"]
[SourceVersionDate "2010.11.26"]
[SourceQuality "1"]

1. e4 c5 2. Nf3 e6 3. d4 cxd4 4. Nxd4 a6 5. Be3 Qc7 6. Bd3 b5 7. Nd2 Bb7 8. Rc1 Nf6 9. c4 b4 10. 0-0 Nc6 11. N4f3 Ne5 12. Nxe5 Qxe5 13. Qc2 Ng4 14. Nf3 Qh5 15. Bf4 Bc5 16. h3 Nf6 17. Qe2 d6 18. e5 Bxf3 19. Qxf3 Qxf3 20. gxf3 dxe5 21. Bxe5 Rd8 22. Bc2 Nd7 23. Bc7 Rc8 24. Bf4 Ke7 25. Rcd1 Nb6 26. b3 h6 27. Rd2 Rhd8 28. Rfd1 Rxd2 29. Rxd2 Rd8 30. Rxd8 Kxd8 31. Kf1 Ke7 32. Be4 g5 33. Bd2 Kd6 34. f4 f6 35. Ke2 a5 36. Kf3 Nc8 37. Kg3 e5 38. fxg5 hxg5 39. f3 Ke7 40. Kg4 Nd6 41. Bh7 Kf8 42. Be1 Kg7 43. Bc2 Kf7 44. Bg3 Ke6 45. Bg6 Ke7 46. h4 gxh4 47. Bxh4 Ke6 48. Kh5 f5 49. Bd8 e4 50. fxe4 fxe4 51. Kg4 Ke5 52. Bxa5 Kd4 53. Bd8 Kd3 54. Bg5 Ke2 55. Kg3 e3 56. Bh5+ Ke1 57. Kg2 Ne4 58. Bxe3 Bxe3 59. Kf3 Bc5 60. Kxe4 Kd2 61. Kd5 Ba7 62. c5 Kc3 63. Be8 Bb8 64. Ba4 Bc7 65. Kc6 Bb8 66. Kb6 Kb2 67. c6 Kxa2 68. c7 Bxc7+ 69. Kxc7 Kb2 70. Kb6 Kc3 71. Kc5 Kd3 72. Kxb4 Kd4 73. Ka5 Kc5 74. b4+ Kd6 75. Ka6 Kc7 76. b5 Kb8 77. Kb6 Ka8 78. Kc7 1-0

[Event "POL-ch U16 Girls"]
[Site "Leba"]
[Date "2007.03.26"]
[Round "4"]
[White "Gora, Joanna"]
[Black "Wieclawek, Danuta"]
[Result "1-0"]
[WhiteElo "1600"]
[BlackElo "1636"]
[PlyCount "79"]
[EventDate "2007.03.24"]
[EventType "swiss"]
[EventRounds "11"]
[EventCountry "POL"]
[SourceTitle "EXT 2011"]
[Source "ChessBase"]
[SourceDate "2010.11.26"]
[SourceVersion "1"]
[SourceVersionDate "2010.11.26"]
[SourceQuality "1"]

1. e4 c5 2. Nf3 e6 3. Nc3 Nc6 4. d4 cxd4 5. Nxd4 Bc5 6. Nb3 Be7 7. Be3 Nf6 8. Be2 b6 9. a3 Bb7 10. Qd2 Rc8 11. 0-0-0 Ne5 12. f3 0-0 13. Nb5 a6 14. Nd6 Bxd6 15. Qxd6 Nc6 16. Bg5 Nb8 17. e5 h6 18. Bh4 g5 19. Bf2 Nd5 20. a4 Rc6 21. Qa3 Qc8 22. Nd4 Rc7 23. h4 Nc6 24. Qb3 Nxe5 25. Bg3 Rd8 26. Bxe5 d6 27. Bg3 e5 28. hxg5 hxg5 29. Qd3 exd4 30. Qh7+ Kf8 31. Bd3 Ne3 32. Rd2 Bd5 33. Qh6+ Ke8 34. Qh8+ Ke7 35. Qxd4 Nc4 36. Re2+ Be6 37. Bf5 b5 38. Bxe6 fxe6 39. Rh7+ Ke8 40. Qh8# 1-0